American Revolutionary War Generals by last name - Statistics

General Stats
  • This quiz has been taken 630 times
  • The average score is 6 of 10
Answer Stats
Answer % Correct
George Washington
99%
Benedict Arnold
95%
Horatio Gates
72%
Charles Cornwallis
64%
Charles Lee
49%
Sir William Howe
41%
Sir Henry Clinton
38%
Henry Knox
37%
John Burgoyne
31%
Sir Thomas Gage
28%
No matching quizzes found
Score Distribution
Percent of People with Each Score
Percentile by Number Answered
Your Score History
You have not taken this quiz